LEADER 01375nam a2200301 i 4500 001 000000172049 003 CaOOAMICUS 005 20181019152345.0 008 080522s2008 it u000 u ita u 013 $a149486 020 $a978-88-6124-058-2 040 $aSeMil$bita 100 1 $aGuglielmi, Giuseppe,$d<1976- >.$0(OLS)http://semarc/name/29483 245 10$aAzione comunicativa e teologia morale :$bla rilevanza etica della teoria di J. Habermas /$cGiuseppe Guglielmi. 260 $aTrapani :$bIl pozzo di Giacobbe,$ccopyr. 2008. 300 $a256 p. ;$c21 cm. 490 0 $aAi crocevia [Il pozzo di Giacobbe] ;$v4 500 $aContiene: Bibliografia. 650 4$aEtica teologica.$0(OLS)http://semarc/subject/619 650 4$aHabermas, Jürgen <1929- > - Etica e morale.$0(OLS)http://semarc/subject/2425 830 0$aAi crocevia ;$v4.$0(OLS)http://semarc/title/419326 850 $aSeMil 852 $aSeMil$W1$xVenegono$y1$m2E III 370$j122912$B122912$CSeMilBibl$Z2$F134294 $81 961 $aOmaggio per recensione: Scuola Cattolica 996 $6020$a978-88-6124-058-2$9(OLS)http://semarc/number/157545 996 $6245$aAzione comunicativa e teologia morale :$bla rilevanza etica della teoria di J. Habermas$9(OLS)http://semarc/title/246288 996 $6260$aTrapani :$bIl pozzo di Giacobbe$9(OLS)http://semarc/publisher/31941 LEADER 01081nam a2200253 i 4500 001 000000070014 003 CaOOAMICUS 005 20080609000000.0 008 080609s1974 it u000 u ita u 013 $a41186 040 $aSeMil$bita 100 1 $aDilthey, Wilhelm <1833-1911>.$0(OLS)http://semarc/name/3284 240 10$aDe principiis ethices Schleiermacheri.$0(OLS)http://semarc/title/112284 245 12$aL'etica di Schleiermacher /$cWilhelm Dilthey ; a cura di Franco Bianco. 260 $aNapoli :$bGuida,$ccopyr. 1974. 300 $a112 p. ;$c21 cm. 490 0 $aGli opuscoli ;$v17 650 4$aSchleiermacher, Friedrick Daniel Ernst - Etica.$0(OLS)http://semarc/subject/7699 700 1 $aBianco, Franco <1932-2006>.$0(OLS)http://semarc/name/30656 830 4$aGli opuscoli ;$v17.$0(OLS)http://semarc/title/7381 850 $aSeMil 852 $aSeMil$W1$xVenegono$y1$m2P I 480$j36167$B36167$CSeMilBibl$Z2$F36170 $81 996 $6245$aL'etica di Schleiermacher$9(OLS)http://semarc/title/112283 996 $6260$aNapoli :$bGuida$9(OLS)http://semarc/publisher/31216